000
00308nam a2200121Ia 4500
008
200103s9999||||xx |||||||||||||| ||und||
040
_a
IMU-MPC
082
_a
Column-9
100
_a
HMSO
245
0
_a
Survey of Fire appliances: Instructions for the guidance of surveyors
260
_b
HMSO
_c
1974
942
_c
BK
999
_c
4214
_d
4214